Elementary algebra
Saved in:
| Hovedforfatter: | |
|---|---|
| Format: | Bog |
| Sprog: | engelsk |
| Udgivet: |
Harper Collins College Publishers
1994
|
| Tags: |
Tilføj Tag
Ingen Tags, Vær først til at tagge denne postø!
|
MARC
| LEADER | 00000nam a22000007a 4500 | ||
|---|---|---|---|
| 008 | 210827b ||||| |||| 00| 0 eng d | ||
| 020 | |a 0673466450 | ||
| 100 | |a JOHNSON, L. Murphy | ||
| 245 | |a Elementary algebra |c L. Murphy Johnson and Arnold R. Steffensen |g xxii, 547p. ill. | ||
| 250 | |b 3rd ed. | ||
| 260 | |b Harper Collins College Publishers |c 1994 |h New York |i 694150 |l QA 152. 2 J63 |m Algebra | ||
| 500 | |a It includes index | ||
| 942 | |a lcc |c BK |e Adeyeye Y. S. |f 27- 08 - 2021 | ||
| 952 | |0 0 |1 0 |2 lcc |4 0 |6 QA01522 J63 |7 0 |9 3252 |a HOL |b HOL |c QZ |d 2021-08-27 |l 0 |o QA 152 . 2. J63 |p 2021-66951 |r 2021-08-27 00:00:00 |w 2021-08-27 |y BK | ||
| 999 | |c 1628 |d 1628 | ||